[Event "SCG-ch 2nd"]
[Site "Pancevo"]
[Date "2006.02.28"]
[Round "2"]
[White "Antic, Dejan"]
[Black "Kovacevic, Aleksandar"]
[Result "1/2-1/2"]
[WhiteElo "2505"]
[BlackElo "2535"]
[PlyCount "73"]
[EventDate "2006.02.27"]
[EventType "tourn"]
[EventRounds "13"]
[EventCountry "YUG"]
[EventCategory "11"]
[Source "ChessBase"]
[SourceDate "2006.06.07"]

1. d4 Nf6 2. c4 e6 3. Nf3 b6 4. g3 Ba6 5. b3 d5 6. cxd5 exd5 7. Bg2 Bb4+ 8. Bd2
Bd6 9. Nc3 O-O 10. O-O Re8 11. Rc1 Nbd7 12. Bf4 Bxf4 13. gxf4 Nf8 14. Re1 Qd6
15. e3 c6 16. Qc2 Rac8 17. Qb2 Ng6 18. b4 Bc4 19. Ne2 b5 20. Ng3 a5 21. a3 Ra8
22. Ne5 Nd7 23. Nf5 Qc7 24. h4 Ne7 25. Ng3 Nb6 26. Bh3 Qd6 27. Ra1 f6 28. Nf3
Ra7 29. h5 Rea8 30. Nh4 axb4 31. axb4 Ra4 32. Rxa4 Rxa4 33. Rb1 Bd3 34. Rd1 Bc4
35. Rb1 Bd3 36. Rd1 Bc4 37. Rb1 1/2-1/2

[Event "SCG-ch 2nd"]
[Site "Pancevo"]
[Date "2006.03.08"]
[Round "9"]
[White "Damljanovic, Branko"]
[Black "Kovacevic, Aleksandar"]
[Result "1-0"]
[WhiteElo "2615"]
[BlackElo "2535"]
[PlyCount "101"]
[EventDate "2006.02.27"]
[EventType "tourn"]
[EventRounds "13"]
[EventCountry "YUG"]
[EventCategory "11"]
[Source "ChessBase"]
[SourceDate "2006.06.07"]

1. d4 Nf6 2. Nf3 e6 3. c4 b6 4. g3 Ba6 5. b3 d5 6. Bg2 Bb4+ 7. Bd2 Bxd2+ 8.
Qxd2 c5 9. dxc5 bxc5 10. cxd5 exd5 11. Qe3+ Qe7 12. Qxe7+ Kxe7 13. Ne5 Ke6 14.
f4 Nbd7 15. Bh3+ Ke7 16. Nc3 Bb7 17. O-O Rhd8 18. Rac1 Nxe5 19. fxe5 Nd7 20.
Nb5 Bc6 21. Bxd7 Rxd7 22. Nd6 Ke6 23. Rxc5 Bb7 24. Nxf7 h6 25. Nd6 Kxe5 26.
Nxb7 Rxb7 27. Rf4 Kd6 28. Ra5 Re8 29. Kf1 Rbe7 30. Rf2 Rc8 31. Ra6+ Rc6 32.
Rxc6+ Kxc6 33. Rf4 Kc5 34. Ke1 Kb5 35. Kd2 Kc5 36. Kd3 a5 37. e3 Rb7 38. Ra4
Kb5 39. h4 Rc7 40. Rd4 Kc5 41. a3 Rb7 42. b4+ axb4 43. axb4+ Kc6 44. e4 dxe4+
45. Kxe4 Rf7 46. Ke5 h5 47. Rf4 Re7+ 48. Kf5 Re3 49. g4 hxg4 50. Rxg4 Re7 51.
Kg6 1-0

[Event "HUN-ch 56th"]
[Site "Szekesfehervar"]
[Date "2006.03.07"]
[Round "7"]
[White "Portisch, Lajos"]
[Black "Balogh, Csaba"]
[Result "1/2-1/2"]
[WhiteElo "2533"]
[BlackElo "2561"]
[PlyCount "132"]
[EventDate "2006.03.01"]
[EventType "tourn"]
[EventRounds "9"]
[EventCountry "HUN"]
[EventCategory "13"]
[Source "ChessBase"]
[SourceDate "2006.06.07"]

1. d4 Nf6 2. c4 e6 3. Nf3 b6 4. a3 Ba6 5. e3 c5 6. Nc3 d6 7. Be2 Nbd7 8. O-O
Be7 9. d5 e5 10. e4 Bc8 11. Ne1 Nf8 12. Nd3 Ng6 13. b4 O-O 14. Rb1 Ne8 15. Bg4
Ba6 16. b5 Bc8 17. Bxc8 Qxc8 18. Qe2 h6 19. g3 Qh3 20. Bd2 Nf6 21. f3 Rae8 22.
Nf2 Qd7 23. Ncd1 Bd8 24. Ne3 Nh7 25. Nf5 Ne7 26. g4 Ng6 27. Nd3 Bg5 28. Kg2 Qd8
29. Rh1 Nh4+ 30. Nxh4 Bxh4 31. Rbg1 Qe7 32. a4 Ra8 33. Ra1 a5 34. Be3 Rfe8 35.
Kf1 Nf8 36. Bf2 Ng6 37. Bxh4 Nxh4 38. Qe3 Qf6 39. Kf2 Kf8 40. Rag1 Ke7 41. Ne1
Rh8 42. Ng2 Rh7 43. Ke2 Rah8 44. Nxh4 Qxh4 45. Qf2 Qxf2+ 46. Kxf2 g6 47. Rg3 h5
48. g5 Rf8 49. Rhg1 Rg7 50. Ke2 f5 51. gxf6+ Rxf6 52. R1g2 Kf7 53. Ke3 Rf4 54.
Rg5 Kf6 55. Kf2 Rh4 56. Kg1 Rh3 57. R5g3 Rh4 58. Rg5 Rh3 59. R5g3 Rxg3 60. hxg3
g5 61. Rh2 Kg6 62. Kg2 Rf7 63. Rh1 Rf8 64. Ra1 Kh6 65. Rh1 Rg8 66. g4 h4
1/2-1/2

[Event "HUN-ch 56th"]
[Site "Szekesfehervar"]
[Date "2006.03.09"]
[Round "9"]
[White "Gyimesi, Zoltan"]
[Black "Sax, Gyula"]
[Result "1/2-1/2"]
[WhiteElo "2602"]
[BlackElo "2539"]
[PlyCount "89"]
[EventDate "2006.03.01"]
[EventType "tourn"]
[EventRounds "9"]
[EventCountry "HUN"]
[EventCategory "13"]
[Source "ChessBase"]
[SourceDate "2006.06.07"]

1. d4 Nf6 2. c4 e6 3. Nf3 b6 4. g3 Ba6 5. Qb3 Nc6 6. Nbd2 d5 7. Qa4 Bb7 8. Bg2
Qd7 9. cxd5 exd5 10. O-O Bd6 11. Nb1 Ne5 12. Qxd7+ Nexd7 13. Nc3 c6 14. Bf4
Bxf4 15. gxf4 Ke7 16. Rac1 Rhd8 17. Rc2 Ne8 18. Ne5 f6 19. Nxd7 Rxd7 20. Rfc1
Nd6 21. Nd1 Nb5 22. e3 Rg8 23. Nc3 Nd6 24. Ne2 Nb5 25. a4 Nd6 26. Ng3 g6 27. h4
Rb8 28. h5 g5 29. fxg5 fxg5 30. Bf3 Rf8 31. Kg2 Kd8 32. Bg4 Rdf7 33. f3 Re7 34.
Rxc6 Nc4 35. R6xc4 dxc4 36. e4 Rc7 37. d5 a6 38. Nf5 Bc8 39. Nd4 Bxg4 40. fxg4
Re8 41. Kf3 Kd7 42. Nf5 Rc5 43. Ng7 Re7 44. Ne6 Rxe6 45. dxe6+ 1/2-1/2

[Event "RUS-ch U20"]
[Site "Cheboksary"]
[Date "2006.03.03"]
[Round "2"]
[White "Kharitonov, Alexandr"]
[Black "Khairullin, Ildar"]
[Result "0-1"]
[WhiteElo "2535"]
[BlackElo "2533"]
[PlyCount "86"]
[EventDate "2006.03.02"]
[EventType "tourn"]
[EventRounds "11"]
[EventCountry "RUS"]
[EventCategory "11"]
[Source "ChessBase"]
[SourceDate "2006.06.07"]

1. d4 Nf6 2. c4 e6 3. Nf3 b6 4. e3 Bb7 5. Bd3 d5 6. O-O Bd6 7. Nc3 O-O 8. b3
Nbd7 9. Nb5 Be7 10. Bb2 a6 11. Nc3 Bd6 12. Qe2 Ne4 13. a3 f5 14. b4 dxc4 15.
Bxc4 Qf6 16. Rac1 Qg6 17. Nxe4 Bxe4 18. Ne1 b5 19. Bd3 Nf6 20. f3 Bb7 21. g3
Nh5 22. Ng2 Nxg3 23. hxg3 Qxg3 24. f4 Bxg2 25. Qxg2 Qxe3+ 26. Rf2 Qxd3 27. d5
g6 28. dxe6 Rae8 29. Re1 Qc4 30. Qh3 Rxe6 31. Rxe6 Qxe6 32. Qc3 Kf7 33. Rf3 Qc4
34. Qg7+ Ke8 35. Re3+ Kd8 36. Be5 Qf7 37. Qh6 Re8 38. Qh1 Kd7 39. Rd3 Qc4 40.
Rd1 Qb3 41. Kf2 Qc2+ 42. Kg3 g5 43. Bxd6 Re3+ 0-1

[Event "RUS-ch U20"]
[Site "Cheboksary"]
[Date "2006.03.04"]
[Round "3"]
[White "Vitiugov, Nikita"]
[Black "Iljin, Artem"]
[Result "1/2-1/2"]
[WhiteElo "2573"]
[BlackElo "2510"]
[PlyCount "46"]
[EventDate "2006.03.02"]
[EventType "tourn"]
[EventRounds "11"]
[EventCountry "RUS"]
[EventCategory "11"]
[Source "ChessBase"]
[SourceDate "2006.06.07"]

1. d4 Nf6 2. c4 e6 3. Nf3 b6 4. Nc3 Bb7 5. Bg5 Bb4 6. Nd2 Nc6 7. e3 Ne7 8. a3
Bxc3 9. bxc3 Ng6 10. e4 h6 11. Bxf6 Qxf6 12. Rb1 c5 13. dxc5 Qxc3 14. Rb3 Qd4
15. cxb6 axb6 16. Be2 O-O 17. O-O Bc6 18. Qc1 Ra7 19. Re1 Rfa8 20. Bf1 Ra5 21.
Ree3 Qc5 22. Qb2 Qe5 23. Qc1 Qc5 1/2-1/2

[Event "RUS-ch U20"]
[Site "Cheboksary"]
[Date "2006.03.12"]
[Round "11"]
[White "Grachev, Boris"]
[Black "Iljin, Artem"]
[Result "1/2-1/2"]
[WhiteElo "2510"]
[BlackElo "2510"]
[PlyCount "26"]
[EventDate "2006.03.02"]
[EventType "tourn"]
[EventRounds "11"]
[EventCountry "RUS"]
[EventCategory "11"]
[Source "ChessBase"]
[SourceDate "2006.06.07"]

1. d4 Nf6 2. c4 e6 3. Nf3 b6 4. a3 Bb7 5. Nc3 d5 6. Bg5 Be7 7. Qa4+ Bc6 8. Qc2
dxc4 9. e3 b5 10. a4 b4 11. Nb1 Bxf3 12. gxf3 c5 13. dxc5 Nbd7 1/2-1/2

[Event "USA-ch GpB"]
[Site "San Diego"]
[Date "2006.03.11"]
[Round "9"]
[White "Novikov, Igor A"]
[Black "Perelshteyn, Eugene"]
[Result "1/2-1/2"]
[WhiteElo "2575"]
[BlackElo "2522"]
[PlyCount "61"]
[EventDate "2006.03.02"]
[EventType "swiss"]
[EventRounds "9"]
[EventCountry "USA"]
[Source "ChessBase"]
[SourceDate "2006.06.07"]

1. d4 Nf6 2. c4 e6 3. Nf3 b6 4. g3 Bb4+ 5. Bd2 Be7 6. Bg2 Bb7 7. O-O O-O 8. Nc3
c6 9. Qb3 d5 10. cxd5 cxd5 11. a4 a6 12. Ne5 Nc6 13. Nxc6 Bxc6 14. Rfc1 Qd7 15.
e3 Rfb8 16. Bf1 Ne8 17. Ne2 Nd6 18. Bb4 a5 19. Bxd6 Bxd6 20. Nc3 Bb4 21. Bb5
Bxb5 22. Nxb5 Rc8 23. Qd1 g6 24. Kg2 h5 25. h4 Kg7 26. Rxc8 Rxc8 27. Rc1 Be7
28. Rc2 Rc6 29. Qc1 Rxc2 30. Qxc2 Bd8 31. Qc3 1/2-1/2

[Event "La Roche sur Yon"]
[Site "La Roche sur Yon"]
[Date "2006.03.15"]
[Round "1"]
[White "Pelletier, Yannick"]
[Black "Istratescu, Andrei"]
[Result "1/2-1/2"]
[WhiteElo "2579"]
[BlackElo "2618"]
[PlyCount "88"]
[EventDate "2006.03.15"]
[EventType "tourn"]
[EventRounds "9"]
[EventCountry "FRA"]
[EventCategory "12"]
[Source "ChessBase"]
[SourceDate "2006.06.07"]

1. d4 Nf6 2. c4 e6 3. Nf3 b6 4. g3 Ba6 5. b3 Bb7 6. Bg2 Bb4+ 7. Bd2 a5 8. O-O
O-O 9. Qc2 d6 10. Bg5 a4 11. Nc3 Bxc3 12. Qxc3 Nbd7 13. b4 Ne4 14. Qd3 Qe8 15.
Rfe1 f5 16. Nd2 Qg6 17. Be3 e5 18. Rad1 Rae8 19. Qc2 f4 20. Bxe4 Bxe4 21. Qxe4
Qxe4 22. Nxe4 fxe3 23. d5 exf2+ 24. Nxf2 e4 25. Rd4 Nf6 26. Nd1 Re5 27. Ne3 h5
28. Rf1 a3 29. h3 Ra8 30. Rb1 Kf7 31. Kf2 Ke7 32. Ke1 Kd7 33. Kd2 Rg5 34. Rg1
b5 35. h4 Re5 36. Kc3 bxc4 37. Kxc4 Rf8 38. Rf1 Rh8 39. Kb3 Rh6 40. Kxa3 Rg6
41. Rg1 Ng4 42. Ng2 Nf6 43. Ne3 Ng4 44. Ng2 Nf6 1/2-1/2

[Event "La Roche sur Yon"]
[Site "La Roche sur Yon"]
[Date "2006.03.19"]
[Round "5"]
[White "Istratescu, Andrei"]
[Black "Werle, Jan"]
[Result "0-1"]
[WhiteElo "2618"]
[BlackElo "2514"]
[PlyCount "88"]
[EventDate "2006.03.15"]
[EventType "tourn"]
[EventRounds "9"]
[EventCountry "FRA"]
[EventCategory "12"]
[Source "ChessBase"]
[SourceDate "2006.06.07"]

1. d4 Nf6 2. c4 e6 3. Nf3 b6 4. a3 c5 5. d5 Ba6 6. Qb3 exd5 7. cxd5 g6 8. Bf4
d6 9. Qe3+ Be7 10. Nc3 O-O 11. Qd2 Re8 12. g3 Bf8 13. Bg2 Ne4 14. Nxe4 Rxe4 15.
Be3 Qe7 16. h4 Nd7 17. h5 Re8 18. hxg6 hxg6 19. Ng5 Rxe3 20. Qxe3 Qxe3 21. fxe3
Rxe3 22. O-O Ne5 23. Ne4 f5 24. Nc3 Rxg3 25. a4 Bc4 26. Ra3 Be7 27. Rfa1 a5 28.
Nd1 Rxa3 29. Rxa3 Bxe2 30. Nc3 Bc4 31. Bf1 Kf7 32. b3 Bxf1 33. Kxf1 g5 34. Ra2
g4 35. Rh2 Kg6 36. Rh8 f4 37. Re8 Kf7 38. Rb8 f3 39. Rxb6 Kg6 40. Ne4 Kf5 41.
Nxd6+ Bxd6 42. Rxd6 g3 43. Rd8 Ng4 44. Rf8+ Ke5 0-1

[Event "La Roche sur Yon"]
[Site "La Roche sur Yon"]
[Date "2006.03.21"]
[Round "6"]
[White "Dunis, Aurelien"]
[Black "Werle, Jan"]
[Result "1/2-1/2"]
[WhiteElo "2534"]
[BlackElo "2514"]
[PlyCount "115"]
[EventDate "2006.03.15"]
[EventType "tourn"]
[EventRounds "9"]
[EventCountry "FRA"]
[EventCategory "12"]
[Source "ChessBase"]
[SourceDate "2006.06.07"]

1. d4 Nf6 2. c4 e6 3. Nf3 b6 4. g3 Ba6 5. b3 Bb4+ 6. Bd2 Be7 7. Bg2 c6 8. Bc3
d5 9. Ne5 Nfd7 10. Nxd7 Nxd7 11. Nd2 O-O 12. O-O Nf6 13. e4 b5 14. Re1 dxe4 15.
Qc2 Rb8 16. Rad1 Qc8 17. Bf1 bxc4 18. bxc4 c5 19. Nxe4 cxd4 20. Nxf6+ Bxf6 21.
Bxd4 Bxd4 22. Rxd4 Qc5 23. Red1 Bb7 24. Bg2 Bxg2 25. Kxg2 g6 26. Qc3 a5 27. h4
h5 28. Rd7 a4 29. R1d6 Rb6 30. Rd3 Qc6+ 31. Kh2 Rb1 32. Rd1 Rxd1 33. Rxd1 Qc5
34. Qd4 Rc8 35. Qxc5 Rxc5 36. Rc1 Kf8 37. Kg2 Ke7 38. Kf3 Kd6 39. Ke4 Rc7 40.
Kd4 Rb7 41. c5+ Kc6 42. Ke5 Rb2 43. f4 Rxa2 44. Kf6 Ra3 45. Rg1 Rf3 46. Kxf7 e5
47. Kxg6 exf4 48. gxf4 Rxf4 49. Kxh5 Kxc5 50. Kg5 Rf8 51. Ra1 Kb4 52. h5 a3 53.
h6 Kb3 54. h7 Kb2 55. Rxa3 Kxa3 56. Kg6 Rh8 57. Kg7 Rxh7+ 58. Kxh7 1/2-1/2

[Event "Poikovsky Karpov 7th"]
[Site "Poikovsky"]
[Date "2006.03.27"]
[Round "9"]
[White "Najer, Evgeniy"]
[Black "Ponomariov, Ruslan"]
[Result "1/2-1/2"]
[WhiteElo "2652"]
[BlackElo "2723"]
[PlyCount "42"]
[EventDate "2006.03.18"]
[EventType "tourn"]
[EventRounds "9"]
[EventCountry "RUS"]
[EventCategory "18"]
[Source "ChessBase"]
[SourceDate "2006.06.07"]

1. d4 Nf6 2. c4 e6 3. Nf3 b6 4. a3 Bb7 5. Nc3 d5 6. cxd5 Nxd5 7. e3 g6 8. Bb5+
c6 9. Bd3 Bg7 10. O-O Nxc3 11. bxc3 O-O 12. a4 c5 13. a5 Qc7 14. axb6 axb6 15.
Rxa8 Bxa8 16. Qe2 Rd8 17. Rd1 Nc6 18. Bb5 Na7 19. Bd3 Nc6 20. Bb5 Na7 21. Bd3
Nc6 1/2-1/2

[Event "St Petersburg Rector Cup"]
[Site "St Petersburg"]
[Date "2006.06.30"]
[Round "5"]
[White "Vitiugov, Nikita"]
[Black "Khairullin, Ildar"]
[Result "1/2-1/2"]
[WhiteElo "2550"]
[BlackElo "2544"]
[PlyCount "37"]
[EventDate "2006.06.26"]
[EventType "tourn"]
[EventRounds "9"]
[EventCountry "RUS"]
[EventCategory "10"]
[Source "ChessBase"]
[SourceDate "2006.07.14"]

1. d4 Nf6 2. c4 e6 3. Nf3 b6 4. a3 Bb7 5. Nc3 Ne4 6. Nxe4 Bxe4 7. e3 Be7 8. Bd3
Bxd3 9. Qxd3 d6 10. O-O Nd7 11. e4 O-O 12. b4 a5 13. Bb2 Qc8 14. b5 Qb7 15.
Rfe1 Rfe8 16. Rad1 Rad8 17. Qc2 Bf8 18. h3 g6 19. Re2 1/2-1/2

[Event "Bibinje Goran 2nd"]
[Site "Bibinje"]
[Date "2006.06.12"]
[Round "5"]
[White "Sax, Gyula"]
[Black "Groszpeter, Attila"]
[Result "1/2-1/2"]
[WhiteElo "2535"]
[BlackElo "2518"]
[PlyCount "24"]
[EventDate "2006.06.08"]
[EventType "tourn"]
[EventRounds "9"]
[EventCountry "CRO"]
[EventCategory "7"]
[Source "ChessBase"]
[SourceDate "2006.07.14"]

1. d4 Nf6 2. c4 e6 3. Nf3 b6 4. g3 Bb7 5. Bg2 Be7 6. Nc3 Ne4 7. Nxe4 Bxe4 8.
O-O O-O 9. Ne1 Bxg2 10. Nxg2 d5 11. Qa4 Qd7 12. Qxd7 Nxd7 1/2-1/2

[Event "St Petersburg-ch"]
[Site "St Petersburg"]
[Date "2006.06.10"]
[Round "8"]
[White "Ionov, Sergey"]
[Black "Loginov, Valery A"]
[Result "1-0"]
[WhiteElo "2519"]
[BlackElo "2510"]
[PlyCount "83"]
[EventDate "2006.06.03"]
[EventType "tourn"]
[EventRounds "11"]
[EventCountry "RUS"]
[EventCategory "11"]
[Source "ChessBase"]
[SourceDate "2006.07.14"]

1. d4 Nf6 2. c4 e6 3. Nf3 b6 4. g3 Bb7 5. Bg2 Be7 6. Nc3 Ne4 7. Bd2 d5 8. cxd5
exd5 9. Qa4+ Qd7 10. Qc2 Nxd2 11. Qxd2 O-O 12. O-O Qe6 13. Rac1 c6 14. Ne5 Nd7
15. Nd3 Nf6 16. Rfd1 Rfe8 17. b4 b5 18. a4 a6 19. e3 h5 20. Nc5 Bxc5 21. dxc5
Bc8 22. Ra1 Rb8 23. axb5 axb5 24. Qd4 Qf5 25. Re1 Rb7 26. e4 Rbe7 27. exf5
Rxe1+ 28. Rxe1 Rxe1+ 29. Bf1 Bxf5 30. Kg2 Ne4 31. f3 Ng5 32. Be2 Ne6 33. Qd2
Ra1 34. Nxd5 cxd5 35. Qxd5 g6 36. Bxb5 h4 37. Kf2 Rb1 38. g4 Rb2+ 39. Ke3 Bb1
40. Bc4 Rxb4 41. c6 Rb8 42. Qd7 1-0

[Event "St Petersburg-ch"]
[Site "St Petersburg"]
[Date "2006.06.10"]
[Round "8"]
[White "Solozhenkin, Evgeniy"]
[Black "Anisimov, Pavel"]
[Result "1/2-1/2"]
[WhiteElo "2508"]
[BlackElo "2500"]
[PlyCount "50"]
[EventDate "2006.06.03"]
[EventType "tourn"]
[EventRounds "11"]
[EventCountry "RUS"]
[EventCategory "11"]
[Source "ChessBase"]
[SourceDate "2006.07.14"]

1. d4 Nf6 2. c4 e6 3. Nf3 b6 4. e3 Bb7 5. Nc3 d5 6. cxd5 exd5 7. Bb5+ c6 8. Bd3
Bd6 9. O-O Nbd7 10. e4 dxe4 11. Nxe4 Nxe4 12. Bxe4 Nf6 13. Bg5 h6 14. Bxf6 Qxf6
15. Ne5 O-O 16. f4 Rad8 17. Qa4 a5 18. Rf2 Bc7 19. Qc4 b5 20. Qc5 Qd6 21. Nxc6
Bxc6 22. Bxc6 Qxd4 23. Qxd4 Rxd4 24. g3 Bb6 25. Kg2 Rfd8 1/2-1/2

[Event "St Petersburg-ch"]
[Site "St Petersburg"]
[Date "2006.06.12"]
[Round "10"]
[White "Popov, Valerij"]
[Black "Solozhenkin, Evgeniy"]
[Result "1-0"]
[WhiteElo "2587"]
[BlackElo "2508"]
[PlyCount "73"]
[EventDate "2006.06.03"]
[EventType "tourn"]
[EventRounds "11"]
[EventCountry "RUS"]
[EventCategory "11"]
[Source "ChessBase"]
[SourceDate "2006.07.14"]

1. d4 Nf6 2. Nf3 e6 3. c4 b6 4. Nc3 Bb7 5. g3 Bb4 6. Bd2 O-O 7. Bg2 Bxc3 8.
Bxc3 Ne4 9. Bb4 c5 10. Ba3 Nc6 11. O-O d6 12. e3 Qe7 13. b3 Rfd8 14. Nh4 Nb4
15. Bb2 d5 16. a3 Na6 17. Rc1 Rac8 18. Re1 Nc7 19. cxd5 Bxd5 20. Qc2 f5 21. f3
Nf6 22. e4 fxe4 23. fxe4 Bb7 24. d5 Nfe8 25. Bh3 Ra8 26. Rcd1 Ba6 27. Qc3 Qf7
28. Qe5 exd5 29. exd5 Nf6 30. Nf5 Kf8 31. d6 Re8 32. Ne7 Nb5 33. Be6 Rxe7 34.
dxe7+ Qxe7 35. Qf4 Nd4 36. Bxd4 cxd4 37. Bd5 1-0

[Event "St Petersburg-ch"]
[Site "St Petersburg"]
[Date "2006.06.12"]
[Round "10"]
[White "Vitiugov, Nikita"]
[Black "Anisimov, Pavel"]
[Result "1/2-1/2"]
[WhiteElo "2550"]
[BlackElo "2500"]
[PlyCount "66"]
[EventDate "2006.06.03"]
[EventType "tourn"]
[EventRounds "11"]
[EventCountry "RUS"]
[EventCategory "11"]
[Source "ChessBase"]
[SourceDate "2006.07.14"]

1. d4 Nf6 2. c4 e6 3. Nf3 b6 4. Nc3 Bb7 5. a3 d5 6. cxd5 Nxd5 7. e3 Nxc3 8.
bxc3 Be7 9. Bd3 O-O 10. O-O c5 11. Qe2 Nc6 12. Bb2 Qc7 13. e4 Rfd8 14. Rad1 Na5
15. Ne5 Nc6 16. Nxc6 Qxc6 17. f4 Rac8 18. Kh1 Qc7 19. Qg4 Bxe4 20. Bxe4 f5 21.
Qh3 fxe4 22. Qxe6+ Kh8 23. d5 c4 24. Qxe4 Bf6 25. Qf3 Qd7 26. Rd2 h6 27. d6 Qc6
28. Qh3 Rd7 29. Qe6 Rcd8 30. Rfd1 Qc8 31. Qe4 Qc5 32. Qe6 Qc8 33. Qe4 Qc5
1/2-1/2

[Event "Turin ol (Women) 37th"]
[Site "Turin"]
[Date "2006.06.04"]
[Round "13"]
[White "Koneru, Humpy"]
[Black "Kosteniuk, Alexandra"]
[Result "1/2-1/2"]
[WhiteElo "2548"]
[BlackElo "2540"]
[PlyCount "59"]
[EventDate "2006.05.21"]
[EventType "team"]
[EventRounds "13"]
[EventCountry "ITA"]
[Source "ChessBase"]
[SourceDate "2006.07.14"]
[WhiteTeam "IND (W)"]
[BlackTeam "RUS (W)"]
[WhiteTeamCountry "IND"]
[BlackTeamCountry "RUS"]

1. d4 Nf6 2. c4 e6 3. Nf3 b6 4. a3 Bb7 5. Nc3 d5 6. cxd5 Nxd5 7. Qc2 Nxc3 8.
bxc3 Be7 9. e4 O-O 10. Bd3 c5 11. O-O Qc7 12. Qe2 Nd7 13. Bb2 Rfe8 14. Rad1 a6
15. a4 Bc6 16. Bc2 Qb7 17. Qd3 c4 18. Qe2 b5 19. Rfe1 Rab8 20. Bc1 b4 21. cxb4
Bxb4 22. Bd2 Rbc8 23. Bxb4 Qxb4 24. Rb1 Qa5 25. Qe3 Rb8 26. Qa3 Nf6 27. Qe3 Nd7
28. Qa3 Nf6 29. Qe3 Nd7 30. Qa3 1/2-1/2

[Event "CRO Cup"]
[Site "Sibenik"]
[Date "2006.05.13"]
[Round "4"]
[White "Cvitan, Ognjen"]
[Black "Brkic, Ante"]
[Result "1/2-1/2"]
[WhiteElo "2527"]
[BlackElo "2526"]
[PlyCount "24"]
[EventDate "2006.05.10"]
[EventType "team"]
[EventRounds "5"]
[EventCountry "CRO"]
[Source "ChessBase"]
[SourceDate "2006.07.14"]

1. d4 Nf6 2. Nf3 e6 3. c4 b6 4. g3 Ba6 5. b3 Bb4+ 6. Bd2 Be7 7. Bg2 c6 8. Bc3
d5 9. Ne5 Nfd7 10. Nxd7 Nxd7 11. Nd2 O-O 12. O-O Rc8 1/2-1/2

[Event "CRO Cup"]
[Site "Sibenik"]
[Date "2006.05.13"]
[Round "4"]
[White "Markus, Robert"]
[Black "Palac, Mladen"]
[Result "1-0"]
[WhiteElo "2585"]
[BlackElo "2561"]
[PlyCount "69"]
[EventDate "2006.05.10"]
[EventType "team"]
[EventRounds "5"]
[EventCountry "CRO"]
[Source "ChessBase"]
[SourceDate "2006.07.14"]

1. d4 Nf6 2. c4 e6 3. Nf3 b6 4. g3 Ba6 5. b3 Bb4+ 6. Bd2 Be7 7. Nc3 O-O 8. Qc2
c5 9. d5 exd5 10. cxd5 b5 11. e4 Re8 12. O-O-O c4 13. e5 cxb3 14. Qxb3 b4 15.
Nb5 Ne4 16. d6 Qc8+ 17. Kb1 Bd8 18. Bc4 Bxb5 19. Bxb5 Nc6 20. Qd5 Nxf2 21. Rc1
Nxh1 22. Bxc6 Rb8 23. Ba4 Qa6 24. Bb3 Rf8 25. Rxh1 Qb6 26. Rc1 a5 27. Ba4 Qb7
28. Qxb7 Rxb7 29. Be3 h6 30. Rc8 Re8 31. Nd2 Kf8 32. Nc4 Bg5 33. Rc7 Rxc7 34.
dxc7 Bxe3 35. Bxd7 1-0

[Event "CRO Cup"]
[Site "Sibenik"]
[Date "2006.05.14"]
[Round "5"]
[White "Atalik, Suat"]
[Black "Markus, Robert"]
[Result "1/2-1/2"]
[WhiteElo "2627"]
[BlackElo "2585"]
[PlyCount "45"]
[EventDate "2006.05.10"]
[EventType "team"]
[EventRounds "5"]
[EventCountry "CRO"]
[Source "ChessBase"]
[SourceDate "2006.07.14"]

1. d4 Nf6 2. c4 e6 3. Nf3 b6 4. g3 Ba6 5. b3 b5 6. cxb5 Bxb5 7. Bg2 c5 8. O-O
Bc6 9. Na3 cxd4 10. Qxd4 Be7 11. Nc4 O-O 12. Bd2 Bd5 13. Ne3 Be4 14. Bc3 Qb6
15. Ng4 Qxd4 16. Nxd4 Bxg2 17. Nxf6+ Bxf6 18. Kxg2 Nc6 19. Rad1 Bxd4 20. Bxd4
Rfb8 21. e4 a5 22. Be3 Rb7 23. Rd2 1/2-1/2

[Event "Ilyumzhinov Cup"]
[Site "Internet"]
[Date "2006.05.06"]
[Round "?"]
[White "Filippov, Anton"]
[Black "Kosteniuk, Alexandra"]
[Result "0-1"]
[WhiteElo "2500"]
[BlackElo "2540"]
[PlyCount "128"]
[EventDate "2006.05.06"]
[EventType "swiss (blitz)"]
[EventRounds "13"]
[EventCountry "RUS"]
[Source "ChessBase"]
[SourceDate "2006.07.14"]

1. d4 Nf6 2. c4 e6 3. Nf3 b6 4. g3 Ba6 5. Nbd2 c5 6. Bg2 Bb7 7. O-O cxd4 8.
Nxd4 Bxg2 9. Kxg2 Qc7 10. b3 Be7 11. Bb2 O-O 12. Rc1 a6 13. N2f3 Nc6 14. Qd3
Rfd8 15. Qe3 Qb7 16. Nxc6 Qxc6 17. Rfd1 h6 18. Kg1 Rac8 19. Ne5 Qc7 20. Qd4 Bc5
21. Qf4 Qb8 22. a3 a5 23. Rd3 b5 24. cxb5 Qxb5 25. Rdc3 d6 26. Nd3 Nd5 27. Qg4
Nxc3 28. Rxc3 e5 29. b4 axb4 30. axb4 Bxf2+ 31. Kxf2 Rxc3 32. Bxc3 f5 33. Qg6
Qd5 34. Ke1 Rc8 35. Bb2 Rc2 36. Qxf5 Qh1+ 37. Qf1 Qxh2 38. Kd1 Rc8 39. Qf5 Rf8
40. Qe6+ Kh8 41. Qxd6 Rf1+ 42. Kd2 Qxg3 43. Bxe5 Qg5+ 44. Kc2 Qg4 45. Qxh6+ Kg8
46. Qe3 Rf7 47. b5 Qc4+ 48. Kd2 Qxb5 49. Qd4 Qa5+ 50. Ke3 Qa8 51. Nf4 Qe8 52.
Kf3 Qc6+ 53. e4 Qc8 54. Qd5 Qh3+ 55. Ke2 Qg4+ 56. Kd3 Qc8 57. Ne6 Qa6+ 58. Ke3
Qa7+ 59. Nd4 Qd7 60. Bd6 Qh3+ 61. Kd2 Qh6+ 62. Kd3 Qh3+ 63. Kc4 Qd7 64. Kc5
Qc8+ 0-1

[Event "SCG-chT 4th"]
[Site "Vrnjacka Banja"]
[Date "2006.05.02"]
[Round "2"]
[White "Markus, Robert"]
[Black "Perunovic, Milos"]
[Result "1-0"]
[WhiteElo "2585"]
[BlackElo "2508"]
[PlyCount "95"]
[EventDate "2006.05.01"]
[EventType "team"]
[EventRounds "7"]
[EventCountry "YUG"]
[Source "ChessBase"]
[SourceDate "2006.07.14"]

1. d4 Nf6 2. c4 e6 3. Nf3 b6 4. g3 Ba6 5. b3 Bb4+ 6. Bd2 Be7 7. Bc3 c6 8. Nbd2
d5 9. Ne5 Nfd7 10. Nd3 Nf6 11. Bg2 Nbd7 12. O-O O-O 13. e4 dxe4 14. Nxe4 Qc8
15. Qc2 Bb7 16. Rad1 Qc7 17. Nf4 Nxe4 18. Qxe4 Nf6 19. Qe2 Bd6 20. Nd3 Rfe8 21.
Rfe1 Rad8 22. Qf3 Nd7 23. Re3 Be7 24. h4 Bf6 25. Nf4 g6 26. Nh3 Bg7 27. Ng5 Rf8
28. Qe2 Nf6 29. Red3 h6 30. Nf3 c5 31. Ne5 Bxg2 32. Kxg2 cxd4 33. Bxd4 h5 34.
Bc3 Rxd3 35. Rxd3 Rd8 36. Rxd8+ Qxd8 37. Qf3 Qe7 38. Qa8+ Kh7 39. Nc6 Qc5 40.
Bxf6 Bxf6 41. Nxa7 Qa5 42. Qb7 Kg7 43. Nb5 Be5 44. Qe4 Bf6 45. a3 Qd2 46. b4
Bb2 47. c5 bxc5 48. bxc5 1-0

[Event "SCG-chT 4th"]
[Site "Vrnjacka Banja"]
[Date "2006.05.05"]
[Round "5"]
[White "Blagojevic, Dragisa"]
[Black "Kovacevic, Aleksandar"]
[Result "0-1"]
[WhiteElo "2536"]
[BlackElo "2536"]
[PlyCount "52"]
[EventDate "2006.05.01"]
[EventType "team"]
[EventRounds "7"]
[EventCountry "YUG"]
[Source "ChessBase"]
[SourceDate "2006.07.14"]

1. d4 Nf6 2. c4 e6 3. Nf3 b6 4. g3 Ba6 5. b3 d5 6. Bg2 Bb4+ 7. Bd2 Bxd2+ 8.
Qxd2 O-O 9. Nc3 c5 10. cxd5 exd5 11. dxc5 bxc5 12. Ne5 Re8 13. Nd3 Nbd7 14. O-O
d4 15. Na4 Rc8 16. Rfc1 Ne4 17. Qf4 Ndf6 18. Bxe4 Nxe4 19. f3 Ng5 20. Qd2 Bxd3
21. Qxd3 Re3 22. Qc4 Qe7 23. Qxd4 Rxe2 24. Qg4 Rd8 25. Nc3 h5 26. Qxh5 Rdd2 0-1